Statistiken für Die besten GameCube-Spiele (metacritic)

Klicken Sie hier um das Quiz zu spielen!

Allgemein

  • Dieses Quiz wurde 24 mal gespielt
  • Das Durchschnittsergebnis liegt bei 14 aus 108

Antwortstatistiken

PlatzWertungGameCube% Korrekt
48.87%Mario Kart: Double Dash!!
68%
14.92%Super Mario Sunshine
68%
4.96%The Legend of Zelda: The Wind Waker
53%
18.91%Resident Evil (2002)
37%
2.96%Resident Evil 4
37%
3.96%The Legend of Zelda: Twilight Princess
37%
49.87%Animal Crossing
32%
72.84%James Bond 007: Everything or Nothing
32%
27.89%Pikmin
32%
13.92%Super Smash Bros. Melee
32%
91.82%Tiger Woods PGA Tour 06
32%
26.90%Tiger Woods PGA Tour 2003
32%
33.89%Tiger Woods PGA Tour 2004
32%
44.88%Tiger Woods PGA Tour 2005
32%
53.86%FIFA Soccer 2003
26%
78.83%FIFA Soccer 2004
26%
1.97%Metroid Prime
26%
99.81%NFL Street
26%
24.90%Pikmin 2
26%
94.82%Star Fox Adventures
26%
98.81%FIFA Soccer 2002
21%
84.83%Harvest Moon: Magical Melody
21%
6.94%Madden NFL 2004
21%
25.90%Madden NFL 2005
21%
16.92%Metroid Prime 2: Echoes
21%
19.91%The Legend of Zelda: Ocarina of Time / Master Quest
21%
71.84%The Lord of the Rings: The Return of the King
21%
92.82%The Lord of the Rings: The Two Towers
21%
63.85%The Sims
21%
21.91%Tony Hawk's Pro Skater 3
21%
17.91%Tony Hawk's Pro Skater 4
21%
29.89%Tony Hawk's Underground
21%
96.82%Tony Hawk's Underground 2
21%
12.92%Madden NFL 2003
16%
62.85%Metal Gear Solid: The Twin Snakes
16%
93.82%NBA Live 2003
16%
68.84%NBA Live 2004
16%
58.85%NHL 2004
16%
34.89%Burnout 2: Point of Impact
11%
10.92%Eternal Darkness: Sanity's Requiem
11%
30.89%F-Zero GX
11%
87.82%Madden NFL 07
11%
28.89%Madden NFL 2002
11%
23.90%NBA 2K2
11%
74.84%NBA 2K3
11%
75.83%NBA Live 2005
11%
40.88%NBA Street
11%
38.88%NBA Street V3
11%
37.88%NBA Street Vol. 2
11%
90.82%NCAA College Basketball 2K3
11%
31.89%NCAA Football 2004
11%
77.83%Need for Speed Underground
11%
101.81%Peter Jackson's King Kong: The Official Game of the Movie
11%
22.90%Star Wars Rogue Leader: Rogue Squadron II
11%
55.86%Tales of Symphonia
11%
103.81%The Sims Bustin' Out
11%
104.81%Bomberman Generation
5%
52.87%Fight Night Round 2
5%
60.85%Fire Emblem: Path of Radiance
5%
80.83%Hitman 2: Silent Assassin
5%
73.84%LEGO Star Wars II: The Original Trilogy
5%
102.81%Mega Man Anniversary Collection
5%
32.89%MVP Baseball 2004
5%
43.88%MVP Baseball 2005
5%
65.85%NASCAR: Dirt to Daytona
5%
64.85%NASCAR Thunder 2003
5%
20.91%NCAA Football 2003
5%
41.88%NCAA Football 2005
5%
9.92%NFL 2K3
5%
36.89%NHL 2K3
5%
86.82%NHL HITZ 20-03
5%
105.81%NHL Hitz Pro
5%
47.87%Paper Mario: Die Legende vom Äonentor
5%
76.83%Resident Evil 0
5%
69.84%Sega Soccer Slam
5%
67.84%Skies of Arcadia Legends
5%
11.92%SSX 3
5%
51.87%SSX Tricky
5%
35.89%Tom Clancy's Splinter Cell
5%
97.81%Tom Clancy's Splinter Cell Chaos Theory
5%
8.93%Viewtiful Joe
5%
42.88%Aggressive Inline
0%
83.83%All-Star Baseball 2003
0%
46.87%Beyond Good & Evil
0%
108.81%Def Jam Vendetta
0%
79.83%Freedom Fighters
0%
89.82%Gladius
0%
61.85%Ikaruga
0%
57.86%Madden NFL 06
0%
100.81%Mario Golf: Toadstool Tour
0%
85.83%Metal Arms: Glitch in the System
0%
107.81%Mortal Kombat: Deadly Alliance
0%
59.85%Phantasy Star Online Episode I & II
0%
15.92%Prince of Persia: The Sands of Time
0%
66.84%Prince of Persia: The Two Thrones
0%
81.83%Prince of Persia: Warrior Within
0%
7.93%SoulCalibur II
0%
50.87%Super Monkey Ball
0%
45.87%Super Monkey Ball 2
0%
70.84%The Incredible Hulk: Ultimate Destruction
0%
5.95%The Legend of Zelda: Collector's Edition
0%
54.86%The Legend of Zelda: Four Swords Adventures
0%
39.88%TimeSplitters 2
0%
95.82%TimeSplitters: Future Perfect
0%
56.86%Viewtiful Joe 2
0%
82.83%XGIII: Extreme G Racing
0%
106.81%X-Men Legends
0%
88.82%X-Men Legends II: Rise of Apocalypse
0%

Verteilung der Resultate

Perzentil nach korrekt beantworteten Fragen

Anzahl Personen mit jedem Resultat

Ihre Resultats-Entwicklung

Sie haben dieses Quiz noch nicht gespielt